Central Library OPAC University of Rajshahi

Roma and Egyptians in Albania : (Record no. 58327)

MARC details
000 -LEADER
fixed length control field 01085cam a2200313 a 4500
001 - CONTROL NUMBER
control field 58327
003 - CONTROL NUMBER IDENTIFIER
rucl marc code BD-RjUL
005 - DATE AND TIME OF LATEST TRANSACTION
control field 20211209080617.0
008 - FIXED-LENGTH DATA ELEMENTS--GENERAL INFORMATION
fixed length control field 161217s2005 dcuab b i000 0 eng d
020 ## - INTERNATIONAL STANDARD BOOK NUMBER
International Standard Book Number 9780821361719
International Standard Book Number 0821361716
International Standard Book Number 0821361724 (eISBN)
035 ## - SYSTEM CONTROL NUMBER
System control number (BD-RjUL)58451
040 ## - CATALOGING SOURCE
Original cataloging agency DJB
Transcribing agency DJB
Modifying agency DLC
Language of cataloging eng
041 ## - LANGUAGE CODE
Language code of text/sound track or separate title eng
082 00 - DEWEY DECIMAL CLASSIFICATION NUMBER
Classification number 949.6500491497
Edition number 23
Author mark and year DER 2005
100 1# - MAIN ENTRY--PERSONAL NAME
Personal name De Soto, Hermine G.
9 (RLIN) 173238
245 10 - TITLE STATEMENT
Title Roma and Egyptians in Albania :
Remainder of title from social exclusion to social inclusion /
Statement of responsibility, etc. Hermine G. De Soto, Sabine Beddies, Ilir Gedeshi.
260 ## - PUBLICATION, DISTRIBUTION, ETC. (IMPRINT)
Place of publication, distribution, etc. Washington, D.C. :
Name of publisher, distributor, etc. World Bank,
Date of publication, distribution, etc. c2005.
300 ## - PHYSICAL DESCRIPTION
Pagination xlii, 267 p. :
Illustrations ill., col. map ;
Size 26 cm.
504 ## - BIBLIOGRAPHY, ETC. NOTE
Bibliography, etc Includes bibliographical references (p. 261-267).
650 #0 - SUBJECT ADDED ENTRY--TOPICAL TERM
Topical term or geographic name as entry element Romanies
Geographic subdivision Albania
General subdivision Social conditions.
9 (RLIN) 173240
Topical term or geographic name as entry element Egyptians
Geographic subdivision Albania
General subdivision Social conditions.
9 (RLIN) 173241
700 1# - ADDED ENTRY--PERSONAL NAME
Personal name Beddies, Sabine.
Personal name Gedeshi, Ilir.
942 ## - ADDED ENTRY ELEMENTS (KOHA)
Source of classification or shelving scheme Dewey Decimal Classification
Koha item type Books
Holdings
Lost status Source of classification or shelving scheme Damaged status Not for loan Collection code Permanent Location Current Location Shelving location Date acquired Source of acquisition Total Checkouts Full call number Date last seen Copy number Koha item type
  Dewey Decimal Classification   Not For Loan Non-fiction Central Library, University of Rajshahi Central Library, University of Rajshahi Reading Room 21/04/2007 Zeitlinger   949.6500491497 DER 2005 17/12/2016 C-1 Books